Statistics for 12 Systems of the Human Body

Click here to take the quiz!

General Stats

  • This quiz has been taken 12 times
  • The average score is 7 of 12

Answer Stats

Answer% Correct
Digestive System
100%
Nervous System
100%
Respiratory System
90%
Endocrine System
80%
Muscular System
80%
Skeletal System
80%
Circulatory System
60%
Lymphatic System
50%
Urinary System
50%
Integumentary System
40%
Female Reproductive System
0%
Male Reproductive System
0%

Score Distribution

Percentile by Number Answered

Percent of People with Each Score

Your Score History

You have not taken this quiz